000 00315nam a2200133Ia 4500
008 191201s2005 xx 000 0 und d
100 _aMINOLI, Daniel
245 0 _aInternet and Interanet Engineering
250 _a6th
260 _aN.Delhi
_bTMH
_c2005
300 _a424
650 _aB.Tech(CSE)
942 _2ddc
_cBK
999 _c1642
_d1642